Baseball #1 Draft Picks - Statistics

General Stats
  • This quiz has been taken 121 times
    88 since last reset
  • The average score is 9 of 40
Answer Stats
Year Team Drafted Out Of Answer % Correct
2010 Nationals College of Southern Nevada Bryce Harper
68%
2012 Astros Puerto Rico Baseball Academy Carlos Correa
58%
2019 Orioles Oregon State Adley Rutschman
55%
2011 Pirates UCLA Gerrit Cole
45%
2009 Nationals San Diego State Stephen Strasburg
45%
2018 Tigers Auburn Casey Mize
38%
2015 Diamondbacks Vanderbilt Dansby Swanson
38%
1987 Mariners HS (Cincinnati, OH) Ken Griffey Jr.
38%
2007 Rays Vanderbilt David Price
35%
2017 Twins HS (San Juan Capistrano, CA) Royce Lewis
33%
2016 Phillies HS (Carlsbad, CA) Mickey Moniak
32%
2013 Astros Stanford Mark Appel
29%
2001 Twins HS (St. Paul, MN) Joe Mauer
27%
1993 Mariners HS (Miami, FL) Alex Rodriguez
24%
1990 Braves HS (Jacksonville, FL) Chipper Jones
24%
1980 Mets HS (Los Angeles, CA) Darryl Strawberry
24%
2005 Diamondbacks HS (Chesapeake, VA) Justin Upton
21%
1999 Devil Rays HS (Raleigh, NC) Josh Hamilton
19%
1989 Orioles LSU Ben McDonald
17%
1982 Cubs HS (Brooklyn, NY) Shawon Dunston
17%
1991 Yankees HS (Beaufort, NC) Brien Taylor
14%
2003 Devil Rays HS (Camarillo, CA) Delmon Young
14%
1997 Tigers Rice Matt Anderson
14%
2004 Padres HS (San Diego, CA) Matt Bush
14%
1992 Astros Cal State Fullerton Phil Nevin
14%
2000 Marlins HS (Chula Vista, CA) Adrian Gonzalez
13%
1985 Brewers North Carolina B.J. Surhoff
13%
2014 Astros HS (San Diego, CA) Brady Aiken
12%
1995 Angels Nebraska Darin Erstad
12%
2006 Royals Tennessee Luke Hochevar
12%
1981 Mariners Oral Roberts Mike Moore
10%
1998 Phillies Miami Pat Burrell
10%
1984 Mets HS (Mechanicsburg, PA) Shawn Abner
10%
2008 Rays HS (Griffen, GA) Tim Beckham
10%
1986 Pirates Arkansas Jeff King
8%
2002 Pirates Ball State Brian Bullington
6%
1996 Pirates Clemson Kris Benson
6%
1994 Mets Florida State Paul Wilson
6%
1983 Twins HS (Mount Vernon, OH) Tim Belcher
6%
1988 Padres University of Evansville Andy Benes
5%
No matching quizzes found
Score Distribution
Percent of People with Each Score
Percentile by Number Answered
Your Score History
You have not taken this quiz since the last reset